Statistics for Auto-Antonym Words

Click here to take the quiz!

General Stats

  • This quiz has been taken 24 times
  • The average score is 4 of 14

Answer Stats

HINT WORD % Correct
UnburnableInflammable
74%
Place back where it wasReplace
61%
SupervisionOversight
57%
Signed againResigned
52%
SplitCleave
26%
Exact, not exaggeratedLiterally
26%
Add powdered sugarDust
26%
TailoredCustom
26%
Not operatingOff
22%
PermitSanction
22%
Repetition of an actionRefrain
13%
Lend toRent
13%
Reject fromPass on
9%
MisrepresentBelie
4%

Score Distribution

Percentile by Number Answered

Percent of People with Each Score

Your Score History

You have not taken this quiz